| 000 | 00000nam##2200000za#4500 |
| 001 | 9.605842 |
| 003 | CaOODSP |
| 005 | 20230801131718 |
| 007 | cr ||||||||||| |
| 008 | 150406|2011||||xxc|||||o f|0| 0 fre|d |
| 040 | |aCaOODSP|bfre |
| 043 | |an-cn--- |
| 086 | 1 |aPS83-5/R253F-PDF |
| 110 | 2 |aService correctionnel Canada. |bDirection de la recherche. |
| 245 | 10|aCaractéristiques des participants au Programme de traitement à la méthadone (TEM) / |h[ressource électronique]|cpréparé par Sara Johnson, Shanna Farrell MacDonald et Madelon Cheverie. |
| 260 | |bService correctionnel Canada. |cJuillet 2011. |
| 300 | |a1p. |
| 490 | 1 |aRecherche en un coup d'oeil|vR253 |
| 590 | |a13-16-Supp|b2013-07-12 |
| 775 | 08|tCharacteristics of participants in the Methadone Maintenance Treatment (MMT) Program / |w(CaOODSP)9.576872 |
| 830 | #0|aRecherche en un coup d'œil (Service correctionnel Canada)|vR253|w(CaOODSP)9.503037 |
| 856 | 40|ahttp://publications.gc.ca|qPDF|s251 Ko|uhttps://publications.gc.ca/collections/collection_2013/scc-csc/PS83-5-R253-fra.pdf|yR253 |